| 000 | 01451nam a2200349Ia 4500 | ||
|---|---|---|---|
| 001 | ebr10408858 | ||
| 003 | CaPaEBR | ||
| 006 | m u | ||
| 007 | cr cn||||||||| | ||
| 008 | 970515s1998 aluab sb 001 0 eng d | ||
| 010 | _z 97015111 | ||
| 020 | _z9780817384890 | ||
| 020 | _z0817308865 (cloth : alk. paper) | ||
| 040 |
_aCaPaEBR _cCaPaEBR |
||
| 035 | _a(OCoLC)657973570 | ||
| 050 | 1 | 4 |
_aF1436.8.G3 _bS3 1998eb |
| 082 | 0 | 4 |
_a327.430728 _221 |
| 100 | 1 |
_aSchoonover, Thomas David, _d1936- |
|
| 245 | 1 | 0 |
_aGermany in Central America _h[electronic resource] : _bcompetitive imperialism, 1821-1929 / _cThomas Schoonover. |
| 260 |
_aTuscaloosa : _bUniversity of Alabama Press, _cc1998. |
||
| 300 |
_axiii, 317 p. : _bill., maps. |
||
| 504 | _aIncludes bibliographical references (p. [295]-302) and index. | ||
| 533 |
_aElectronic reproduction. _bPalo Alto, Calif. : _cebrary, _d2010. _nAvailable via World Wide Web. _nAccess may be limited to ebrary affiliated libraries. |
||
| 650 | 0 | _aInternational relations. | |
| 651 | 0 |
_aCentral America _xForeign relations _zGermany. |
|
| 651 | 0 |
_aGermany _xForeign relations _zCentral America. |
|
| 651 | 0 |
_aCentral America _xEconomic conditions. |
|
| 651 | 0 |
_aGermany _xEconomic conditions. |
|
| 655 | 7 |
_aElectronic books. _2local |
|
| 710 | 2 | _aebrary, Inc. | |
| 856 | 4 | 0 |
_uhttp://site.ebrary.com/lib/rucke/Doc?id=10408858 _zAn electronic book accessible through the World Wide Web; click to view |
| 999 |
_c79911 _d79911 |
||